000 00805nam a22002657a 4500
001 32821
003 UA-OsUOA
005 20211006152341.0
007 ta
008 20050214b un ||||| |||| 00| 0 ukr d
040 _aUA-OsUOA
_brus
_cUA-OsUOA
_dUA-OsUOA
041 _arus
044 _aRU
080 _a821.111
090 _a821.111
_bГ61
100 _aГолсуорси Дж.
245 _aСага о форсайтах
_cДжон Голсуорси ; вст. ст. Д. Жантиева
260 _aМосква
_bХудожественная литература
_c1973
300 _a860 с.
_bил.
505 _gТ. 1
650 7 _2UDC
_a821 Художня література
942 _cBK
_2udc
955 _a3
999 _c319274
_d319274